MARC

LEADER 00000nas a22000007a 4500
001 026664
003 UAHC_CL
005 20170803122713.0
008 030716c19839999pe fr0p 0 b0spa d
022 |a 02599600 
040 |a UAHC_CL  |c UAHC_CL  |d UAHC_CL 
245 1 0 |a Cadernos Cedes /  |c Centro de Estudos Educação e Sociedade. 
260 |a Campinas, Brasil  |b Centro de Estudios rurales Andinos "Bartolomé de las Casas  |c 1980- 
300 |a v. 
310 |a Semianual. 
362 0 |a Año 1, no. 1 (Septiembre 1983)- 
521 |a Talleres de desarrollo profesional docente 
650 4 |a INVESTIGACION EDUCATIVA 
650 4 |a EDUCACION  |v PUBLICACIONES PERIODICAS 
653 |a PEDAGOGIA EN HISTORIA Y CIENCIAS SOCIALES 
653 |a GEOGRAFIA 
653 |a PEDAGOGIA EN EDUCACION PARVULARIA 
658 |a Valderrama, Miguel 
710 1 |a Centro de Estudos Educação e Sociedade (CEDES) 
856 |u http://revistandina.perucultural.org.pe/index.htm  |3 acceso electrónico a la publicación (resúmenes)  |y acceso electrónico a la publicación (resúmenes) 
900 |a CADERNOS CEDES 
942 |c REV 
952 |0 0  |1 0  |4 0  |6 CADERNOS_CEDES66_05_000000000000000  |7 0  |8 General  |9 53606  |a BC  |b BC  |c General  |d 2017-08-03  |l 0  |o CADERNOS CEDES-66/05  |p 1364691  |r 2019-01-03 00:00:00  |t 1  |w 2017-08-03  |y REV 
952 |0 0  |1 0  |4 0  |6 CADERNOS_CEDES66_05_000000000000000  |7 0  |8 General  |9 53607  |a BC  |b BC  |c General  |d 2017-08-03  |l 0  |o CADERNOS CEDES-66/05  |p 1373943  |r 2019-01-03 00:00:00  |t 2  |w 2017-08-03  |y REV 
999 |c 26664  |d 26664